000 00848nab a2200253 u 4500
001 17657
003 HDC
007 cr bn ---aaaaa
008 210225c mydr|noo 0 a may d
040 _aHDC
100 _aKadir Dikoh
_eauthor
_98401
245 0 _aChina tawar pasaran luas produk makanan halal: Dr M /
_cby Kadir Dikoh dan Jami'ah Shukri
260 _aMalaysia :
_bBerita Harian,
_c2002
336 _atext
_2rdacontent
337 _acomputer
_2rdamedia
338 _aonline resource
_2rdacarrier
650 _ahalal food
_950
650 _aproduct marketing
_99731
710 _aBerita Harian
856 _zRequest full-text at [email protected]
942 _2lcc
942 _cNEWS
942 _kNWSO 008697
999 _c14973
_d14973